000
00504nam a2200181Ia 4500
008
090124s9999 xx 000 0 und d
082
_b
123031
100
_a
काकोडकर चंद्रकांत.
245
_a
नायक
250
_a
1
260
_c
1988
300
_a
198
600
_a
काकोडकर चंद्रकांत.
630
_a
नायक
700
_a
काकोडकर चंद्रकांत.
730
_a
नायक
942
_c
BOOK
999
_c
169117
_d
169117